000 01721nam0a2200361 4500
001 RU\NLR\bibl\5442
005 20260406052923.0
010 _a5-89239-049-2
_92000
021 _aRU
_b98-5976
_9286
035 _a(NLR Aleph) 000005299
090 _a14844
_c14844
100 _a19980827d1997 |||y0rusy50 ca
101 1 _arus
_clat
102 _aRU
105 _a|||||||||||||
200 1 _aИстория о разрушении Трои
_e[Мифол. роман]
_fДарет Фригийский
_gРус. пер., коммент., вступ. ст., сост. А.В. Захаровой
_gГекзаметр. пер. Д.О. Торшилова
210 _aСПб.
_cАлетейя
_d1997
215 _a301 с.
_d17
225 1 _aАнтич. б-ка
_iАнтич. история
300 _aАвт. также на лат. яз.: Daretis Phrygll, на фр. яз.: de Dares Phrigius
300 _aТекст на рус., лат. и фр. яз.
320 _aБиблиогр.: с. 279-286 и в подстроч. прим.
461 0 _12001#$aАнтичная б-ка$iАнтичная история
_tАнтичная б-ка
607 _aТроя, древний город (Малая Азия)
_jИсточники и источниковедение
_xИстория
_91041777
_3RU\NLR\auth\6683333
686 _aТ3(0)313.31,01
700 0 _4070
_8rus
_7ca
_aДарет Фригийский
_3RU\NLR\auth\777772
_9117703
702 1 _4730
_8rus
_7ca
_aТоршилов
_bД. О.
_gДмитрий Олегович
_3RU\NLR\auth\777771
_9117702
801 0 _aRU
_bNLR
_c19980827
_gPSBO
801 1 _aRU
_bNLR
_c19980827
852 _aNLR
_j98-2/451
942 _cBOOK
980 _aNB